=LDR 00000nam 2200000 4500 =001 INLIS000000000038844 =005 20200319062719 =035 ##$$a 0010-061300000038844 =008 200319################g##########0#ind## =041 ##$$a ind =082 ##$$a 299.16 =090 ##$$a 299.16, Rob s =100 ##$$a Robert, Roremary =245 1#$$a Sepuluh menit spiritualitas ceitic=10 Minute ceitic spirituality : $b Berkat-berkat sederhana kearifan dan tuntunan untuk kehidupan sehari-hari /$c Rosemary roberts; Alih bahasa, Win Salampessy;Editor, Sigit Suyanto =260 ##$$a Batam,$c 2005 =300 ##$$a 263 Hlm : $b Iluh ; $c 15 x 15 cm =650 #4$$a AGAMA CEITIC =850 ##$$a NBPNMAT =084 ##$$a 299.16 ROB s =504 ##$$a Biografi : hlm. 264 =990 ##$$a 21107516/ Pb- 2011 =990 ##$$a 21107517/ Pb- 2001 =990 ##$$a 21107515/pb- 2011